000 00688nam a2200265 a 4500
001 BS0002744
003 BR-BrBNA
005 20230418192121.0
008 230308b |||||||| |||| 00| 0 por d
040 _aBR-BrBNA
_bpor
_cBiblioteca Nacional de Agricultura
041 _apor
072 _aB59
090 _aB59 BS0002744
100 1 _aFormiga, Eurícledes (Espírito)
245 1 _aCentelhas da Vida /
250 1 _a3. ed.
260 3 _aAraras, SP:
_bIDE,
_c198.
300 _a96 p.
500 _aPsicografado por Francisco Cândido Xavier.
650 _aESPIRITISMO
650 _aDOUTRINA
650 _aRELIGIÃO
909 _a202304
_bSergio Santos
_c56
_dSergio Santos
942 _cBK
999 _c7802
_d7802